Traite des constructions rurales et de leur disposition, ou des maisons d'habitation a l'usage des cultivateurs; des logements pour les animaux domestiques, ecuries, etables, bergeries, porcheries, chenils, poulaillers, etc. ... suivi de details sur les modes d'execution et termine par une bibliographie speciale; par Louis Bouchard-Huzard ... (Record no. 114192)

MARC details
000 -LEADER
fixed length control field 00895cam a22001935a 4500
001 - CONTROL NUMBER
control field L156340
008 - FIXED-LENGTH DATA ELEMENTS--GENERAL INFORMATION
fixed length control field 120514s1867 xxk f 000 0 eng d
035 ## - SYSTEM CONTROL NUMBER
System control number (Sirsi) u156340
041 0# - LANGUAGE CODE
Language code of text/sound track or separate title fre
100 1# - MAIN ENTRY--PERSONAL NAME
Personal name Bouchard-Huzard, Louis
Dates associated with a name 1824-1873
245 00 - TITLE STATEMENT
Title Traite des constructions rurales et de leur disposition, ou des maisons d'habitation a l'usage des cultivateurs; des logements pour les animaux domestiques, ecuries, etables, bergeries, porcheries, chenils, poulaillers, etc. ... suivi de details sur les modes d'execution et termine par une bibliographie speciale; par Louis Bouchard-Huzard ...
250 ## - EDITION STATEMENT
Edition statement 2. ed., augm. ...
260 ## - PUBLICATION, DISTRIBUTION, ETC.
Place of publication, distribution, etc. Paris
Name of publisher, distributor, etc. Ve Bouchard-Huzard
Date of publication, distribution, etc. [1867]
300 ## - PHYSICAL DESCRIPTION
Extent 3 pts. in 2 v.
Other physical details ill., 186 pl. incl. plans (part fold.)
Dimensions 27 cm.
583 ## - ACTION NOTE
Action Condition reviewed
Time/date of action 20120620
Status condition level 4 and 4
651 #4 - SUBJECT ADDED ENTRY--GEOGRAPHIC NAME
Geographic name France
690 ## - LOCAL SUBJECT ADDED ENTRY--TOPICAL TERM (OCLC, RLIN)
Topical term or geographic name as entry element Rural
9 (RLIN) 6268
942 ## - ADDED ENTRY ELEMENTS (KOHA)
Suppress in OPAC 0
Holdings
Withdrawn status Lost status Damaged status Not for loan Home library Current library Shelving location Date acquired Total Checkouts Full call number Barcode Date last seen Copy number Price effective from Koha item type
        Historic collection Historic collection Historic collection 14/05/2012   INTERNATIONAL QUARTO 1867 BOUCHARD VOL 1 30077997 20/08/2025 1 06/08/2019 Book
        Historic collection Historic collection Historic collection 25/07/2012   INTERNATIONAL QUARTO 1867 BOUCHARD VOL 2 30077978 20/08/2025 1 06/08/2019 Book